000 00912nam a2200265 a 4500
001 3277
003 BD-RjUL
005 20211208233714.0
008 190219s1936 ii 000 0 eng
035 _a(BD-RjUL)3311
040 _aDLC
_cOKentU
_dDLC
_dBD-RjUL
_beng
041 _aeng
042 _apremarc
082 _223
_a323
_bLOS 1936
100 1 _aLohia, Rammanohar.
_9228374
245 1 4 _aThe struggle for civil liberties /
_cby Rammanohar Lohia ; With a foreword by Jawaharlal Nehru.
260 _aAllahabad:
_bForeign Dept., All India Congress Committee,
_c[1936]
300 _a[6], 51 p.
_c22 cm.
500 _aAt head of title: Foreign Department publication.
650 0 _aCivil rights.
_9228375
700 _aNehru, Jawaharlal, foreworder
_9228377
710 2 _aIndian National Congress.
_bAll India Congress Committee.
_bForeign Department.
_9228376
942 _2ddc
_cRAR
999 _c3277
_d3277